| 000 | 00647nam a2200229 a 4500 | ||
|---|---|---|---|
| 001 | 13579 | ||
| 003 | BD-JhCC | ||
| 005 | 20240301101755.0 | ||
| 008 | 240229b2023 bg |||| ||a 000 0 ben d | ||
| 020 | _a9789849310006 | ||
| 035 | _a(BD-JhCC)13579 | ||
| 040 |
_aBD-JhCC _dBD-JhCC |
||
| 041 | _aBengali | ||
| 082 |
_a891.4435 _bHAQ 2023 |
||
| 100 | _aহক,আনিসুল | ||
| 245 |
_aগল্পগুলো মজার / _cআনিসুল হক। |
||
| 260 |
_aঢাকা: _bকাকলী প্রকাশনী; _c2023. |
||
| 300 |
_a70 p. : _c22 cm |
||
| 650 | _aBengali Short Story. | ||
| 942 |
_2ddc _cBK |
||
| 999 |
_c13579 _d13579 |
||